Educational psychology - for learning and teaching / (Record no. 343857)

000 -LEADER
fixed length control field 00659 a2200169 4500
020 ## - INTERNATIONAL STANDARD BOOK NUMBER
International Standard Book Number 017010351X
020 ## - INTERNATIONAL STANDARD BOOK NUMBER
International Standard Book Number 9780170103510
090 ## - LOCALLY ASSIGNED LC-TYPE CALL NUMBER (OCLC); LOCAL CALL NUMBER (RLIN)
-- 1335
-- 1335
100 1# - MAIN ENTRY--PERSONAL NAME
Personal name Krause, Sandra Bochner and Sue Duchesne Kerri-lee.
245 10 - TITLE STATEMENT
Title Educational psychology - for learning and teaching /
Statement of responsibility, etc. Sandra Bochner and Sue Duchesne Kerri-lee Krause.
260 ## - PUBLICATION, DISTRIBUTION, ETC.
Place of publication, distribution, etc. [S.l.] :
Name of publisher, distributor, etc. Thomson,
Date of publication, distribution, etc. 2003.
300 ## - PHYSICAL DESCRIPTION
Extent 464 p. ;
Dimensions 28 cm.
500 ## - GENERAL NOTE
General note Paperback.
856 40 - ELECTRONIC LOCATION AND ACCESS
Materials specified Amazon.com
Uniform Resource Identifier <a href="http://www.amazon.com/exec/obidos/ASIN/017010351X/chopaconline-20">http://www.amazon.com/exec/obidos/ASIN/017010351X/chopaconline-20</a>
856 40 - ELECTRONIC LOCATION AND ACCESS
Materials specified Amazon customer reviews
Uniform Resource Identifier <a href="http://www.chopac.org/cgi-bin/tools/azrev.pl?q=017010351X">http://www.chopac.org/cgi-bin/tools/azrev.pl?q=017010351X</a>
942 ## - ADDED ENTRY ELEMENTS (KOHA)
Institution code [OBSOLETE] NBS
Koha item type Book
Call number prefix 370.15 KRA
Holdings
Withdrawn status Lost status Damaged status Not for loan Permanent Location Current Location Date acquired Total Checkouts Full call number Barcode Date last seen Date last checked out Price effective from Koha item type
        Central Library (CL) Central Library (CL) 08/28/2013 1 370.15 KRA NBS7668 11/23/2017 08/23/2017 08/28/2013 Book
© 2023 Central Library, National University of Sciences and Technology. All Rights Reserved.